[Event "FIDE Grand Prix Moscow"]
[Site "Moscow RUS"]
[Date "2017.05.19"]
[EventDate "2017.05.12"]
[Round "7.8"]
[Result "1/2-1/2"]
[White "Francisco Vallejo Pons"]
[Black "Michael Adams"]
[WhiteElo "2710"]
[BlackElo "2747"]
[PlyCount "119"]

1. Nf3 d5 2. d4 Nf6 3. c4 e6 4. Nc3 Be7 5. Bg5 h6 6. Bxf6 Bxf6
7. e3 O-O 8. Qd2 a6 9. Rd1 b6 10. cxd5 exd5 11. g3 Bb7 12. Bg2
Qd6 13. Ne5 Nd7 14. f4 Rad8 15. O-O c5 16. dxc5 Nxc5 17. b4
Nd7 18. Ne4 Qe6 19. Nxd7 Rxd7 20. Nxf6+ Qxf6 21. Qd4 Qxd4
22. Rxd4 Re7 23. Kf2 Rc8 24. Rfd1 Rc2+ 25. R1d2 Rxd2+ 26. Rxd2
Rc7 27. h4 Kf8 28. Bxd5 Bxd5 29. Rxd5 Rc2+ 30. Kf3 Rxa2
31. Rd6 b5 32. h5 Ra4 33. e4 Ke7 34. e5 Rxb4 35. Rxa6 Rb3+
36. Kg4 b4 37. Rb6 Kd7 38. Rb7+ Ke6 39. Rb6+ Kd7 40. Rb8 Ke7
41. Kf5 Rxg3 42. Rb7+ Kf8 43. Rxb4 Rg1 44. Rb8+ Ke7 45. Rg8
Rh1 46. Rxg7 Rxh5+ 47. Ke4 Rh1 48. Rg8 f6 49. Rg7+ Kf8
50. exf6 Rh5 51. Re7 Ra5 52. Rh7 Rb5 53. Ra7 Rc5 54. Re7 Ra5
55. Re5 Ra7 56. Kf5 Kf7 57. Re7+ Rxe7 58. fxe7 Kxe7 59. Kg6 h5
60. Kxh5 1/2-1/2

[Event "FIDE Grand Prix Moscow"]
[Site "Moscow RUS"]
[Date "2017.05.19"]
[EventDate "2017.05.12"]
[Round "7.9"]
[Result "1/2-1/2"]
[White "Ernesto Inarkiev"]
[Black "Ian Nepomniachtchi"]
[WhiteElo "2727"]
[BlackElo "2751"]
[PlyCount "37"]

1. d4 Nf6 2. c4 g6 3. Nc3 d5 4. Bg5 Bg7 5. Bxf6 Bxf6 6. cxd5
c5 7. Nf3 cxd4 8. Nxd4 Qb6 9. Nb3 O-O 10. Qd2 Rd8 11. Rd1 Na6
12. e4 Bg4 13. Be2 Bxe2 14. Qxe2 Nb4 15. e5 Bg7 16. Nc1 Qa5
17. Nb3 Qb6 18. Nc1 Qa5 19. Nb3 1/2-1/2

[Event "FIDE Grand Prix Moscow"]
[Site "Moscow RUS"]
[Date "2017.05.20"]
[EventDate "2017.05.12"]
[Round "8.6"]
[Result "1/2-1/2"]
[White "Yifan Hou"]
[Black "Francisco Vallejo Pons"]
[WhiteElo "2652"]
[BlackElo "2710"]
[PlyCount "138"]

1. e4 e6 2. d4 d5 3. Nc3 Nf6 4. Bg5 Bb4 5. exd5 Qxd5 6. Bxf6
Bxc3+ 7. bxc3 gxf6 8. Qd2 Qa5 9. Bd3 Bd7 10. Ne2 Bc6 11. f3
Nd7 12. c4 Qxd2+ 13. Kxd2 Nb6 14. h4 Rg8 15. Rhg1 Rd8 16. Ke3
Ke7 17. g4 h6 18. Rab1 Nc8 19. Nc3 b6 20. a4 Nd6 21. Nb5 Ne8
22. a5 Bxb5 23. Rxb5 f5 24. axb6 axb6 25. c5 Nf6 26. cxb6 cxb6
27. Be2 Nd5+ 28. Kd2 Nf4 29. c3 Rc8 30. Bf1 h5 31. c4 hxg4
32. fxg4 fxg4 33. Rxb6 f5 34. Ke3 Nh3 35. Bxh3 gxh3 36. Rxg8
Rxg8 37. Rb1 Rh8 38. d5 exd5 39. cxd5 Rxh4 40. Kf2 Kd6 41. Kg3
Rh5 42. Kh2 Kxd5 43. Rb5+ Ke4 44. Rb4+ Ke5 45. Rb5+ Kf6
46. Rb1 Rh4 47. Rb3 Ke5 48. Rb5+ Kf4 49. Rb3 Rh8 50. Rb1 Ke3
51. Rb3+ Kd2 52. Rb2+ Kc3 53. Rb5 Rh5 54. Rd5 Kc4 55. Rd8 Kc5
56. Rd7 Kb6 57. Rd3 Kc6 58. Rd8 Rh4 59. Rf8 f4 60. Rd8 Kc5
61. Rd7 Kc6 62. Rd3 Rh8 63. Rxh3 Rxh3+ 64. Kxh3 Kd5 65. Kg2
Ke4 66. Kf2 f3 67. Kf1 Ke3 68. Ke1 f2+ 69. Kf1 Kf3 1/2-1/2

[Event "FIDE Grand Prix Moscow"]
[Site "Moscow RUS"]
[Date "2017.05.20"]
[EventDate "2017.05.12"]
[Round "8.8"]
[Result "1/2-1/2"]
[White "Jon Ludvig Hammer"]
[Black "Michael Adams"]
[WhiteElo "2621"]
[BlackElo "2747"]
[PlyCount "46"]

1. c4 e5 2. g3 Nf6 3. Bg2 d5 4. cxd5 Nxd5 5. Nf3 Nc6 6. O-O
Nb6 7. b3 Be7 8. Bb2 f6 9. Nc3 O-O 10. d4 Nxd4 11. Nxd4 exd4
12. Nb5 d3 13. Nd4 c5 14. Nb5 Bf5 15. a4 Qd7 16. exd3 Bh3
17. Bxh3 Qxh3 18. Qe2 Qd7 19. Rfe1 Rfe8 20. Qe6+ Qxe6 21. Rxe6
Nd5 22. d4 Kf7 23. Rd6 Red8 1/2-1/2

[Event "FIDE Grand Prix Moscow"]
[Site "Moscow RUS"]
[Date "2017.05.20"]
[EventDate "2017.05.12"]
[Round "8.9"]
[Result "1/2-1/2"]
[White "A R Saleh Salem"]
[Black "Ernesto Inarkiev"]
[WhiteElo "2633"]
[BlackElo "2727"]
[PlyCount "61"]

1. e4 e5 2. Nf3 Nc6 3. Bc4 Bc5 4. c3 Nf6 5. d3 O-O 6. Bg5 h6
7. Bh4 Be7 8. Bg3 d6 9. Nbd2 g6 10. a3 Nh5 11. Nf1 Kh7 12. Ne3
f5 13. exf5 gxf5 14. d4 f4 15. Nh4 Nxg3 16. Qc2+ Kh8 17. Ng6+
Kg7 18. Nxf8 Qxf8 19. fxg3 fxe3 20. Rf1 Bf6 21. Qe4 exd4
22. Bd3 Qf7 23. O-O-O e2 24. Qh7+ Kf8 25. Qxh6+ Ke7 26. Bxe2
Qg7 27. Rxf6 Qxf6 28. Qh7+ Qf7 29. Qh4+ Qf6 30. Qh7+ Qf7
31. Qh4+ 1/2-1/2

[Event "FIDE Grand Prix Moscow"]
[Site "Moscow RUS"]
[Date "2017.05.21"]
[EventDate "2017.05.12"]
[Round "9.6"]
[Result "1/2-1/2"]
[White "Michael Adams"]
[Black "Evgeny Tomashevsky"]
[WhiteElo "2747"]
[BlackElo "2696"]
[PlyCount "59"]

1. e4 e5 2. Nf3 Nc6 3. Bb5 a6 4. Ba4 Nf6 5. O-O Be7 6. Re1 b5
7. Bb3 O-O 8. a4 b4 9. d4 d6 10. dxe5 Nxe5 11. Nxe5 dxe5
12. Qxd8 Rxd8 13. Nd2 Bc5 14. Nf3 Re8 15. Be3 Bxe3 16. Rxe3 h6
17. Rd1 Be6 18. Kf1 Kf8 19. Nd2 Nd7 20. Bxe6 Rxe6 21. Nc4 Nb6
22. Nxb6 cxb6 23. c3 Rc8 24. cxb4 Rc4 25. b5 Rxa4 26. bxa6
Rxa6 27. Rc3 Ra7 28. Ke2 Ke7 29. Rd5 Rd7 30. Rxd7+ 1/2-1/2

[Event "FIDE Grand Prix Moscow"]
[Site "Moscow RUS"]
[Date "2017.05.21"]
[EventDate "2017.05.12"]
[Round "9.8"]
[Result "1/2-1/2"]
[White "Francisco Vallejo Pons"]
[Black "Ian Nepomniachtchi"]
[WhiteElo "2710"]
[BlackElo "2751"]
[PlyCount "35"]

1. d4 Nf6 2. c4 g6 3. Bg5 Bg7 4. Nc3 d5 5. Bxf6 Bxf6 6. cxd5
c5 7. dxc5 Nd7 8. c6 Nc5 9. Rc1 Qb6 10. Nf3 O-O 11. e3 Qxb2
12. Nd4 bxc6 13. Be2 cxd5 14. Nxd5 Bxd4 15. Nxe7+ Kg7
16. Qxd4+ Qxd4 17. exd4 Re8 18. Rxc5 1/2-1/2

[Event "FIDE Grand Prix Moscow"]
[Site "Moscow RUS"]
[Date "2017.05.21"]
[EventDate "2017.05.12"]
[Round "9.9"]
[Result "1/2-1/2"]
[White "A R Saleh Salem"]
[Black "Jon Ludvig Hammer"]
[WhiteElo "2633"]
[BlackElo "2621"]
[PlyCount "31"]

1. c4 e5 2. g3 c6 3. Nf3 e4 4. Nd4 d5 5. d3 Bc5 6. Nb3 Bb4+
7. Bd2 Bxd2+ 8. Qxd2 dxc4 9. dxc4 Qxd2+ 10. N1xd2 f5 11. c5
Nf6 12. e3 g6 13. Nc4 Ke7 14. Nd6 Nbd7 15. Rc1 b6 16. Be2
1/2-1/2